| 000 | 00834nam a22002295a 4500 | ||
|---|---|---|---|
| 003 | OSt | ||
| 005 | 20170507115756.0 | ||
| 008 | 161215s2002 ua frb 000 0 ara d | ||
| 015 | _a2002 / 2947 | ||
| 040 |
_aEG-ScBUE _bara _cEG-ScBUE |
||
| 082 | 0 | 4 |
_a347.077 _bز ا ي _222 |
| 100 | 1 | _aزايد، مصطفى. | |
| 245 | 1 | 2 |
_aالدليل الإحصائي في الحكم القضائي / _cمصطفى زايد. |
| 246 | 3 | 4 | _aStatistical evidence in judgment |
| 260 |
_a[د. م. : _bد. ن.]، _c2002. _e(القاهرة : _fمطابع الدار الهندسية) |
||
| 300 |
_a411 ص. ؛ _c24 سم. |
||
| 504 | _aيشتمل على إرجاعات ببليوجرافية. | ||
| 650 | 7 |
_aالأحكام (قانون مرافعات) _2BUEsh _xأساليب إحصائية. |
|
| 651 | _2BUEsh | ||
| 653 |
_bLLAAWW _cMay2017 |
||
| 942 | _2ddc | ||
| 999 |
_c24785 _d24757 |
||